00641nam a2200229 a 4500001001300000003000900013005001700022008004100039020001000080082001300090100001700103245002100120260003600141300000900177500003500186650001300221700001700234902000800251942000700259952012800266999001700394nice12345678IN_TiNIC20260116015339.0100205s1969 wesa grp 000 0 eng  ac50000a230bRAH aRahner, Karl aGrace in Freedom aWest Germany bHerder KG c1969 a267p aincludes index and biblioraphy aTheology1 aRahner, Karl bSRS cBK 001040708StackRoom-aHMIbHMId2012-07-17g500.00l1o230 RAHp11001733r2017-11-09s2017-10-16v500.00w2010-02-05yBK c19324d19324